| 000 | 00389nam a22001457a 4500 | ||
|---|---|---|---|
| 020 | _a9789332507470 | ||
| 082 | _a332.1 SUR | ||
| 100 | _aSURESH,Padmalatha | ||
| 245 | _aManagement of Banking and Financial Services | ||
| 260 |
_aDelhi _bPearson Education _c2014 |
||
| 300 |
_aix,683p. _bill.;27cm |
||
| 500 | _aInclude appendix and index | ||
| 650 | _aManagement of Banking | ||
| 942 | _cBK | ||
| 999 |
_c16004 _d16004 |
||